| 000 | 00536nam a2200193Ia 4500 | ||
|---|---|---|---|
| 008 | 240509s9999 xx 000 0 und d | ||
| 020 | _a0008120316851 | ||
| 041 | _aEng | ||
| 082 | _a004.6 | ||
| 082 | _bT24 | ||
| 100 | _aAIDAROUS S. & PLEVYAK T. (ED) | ||
| 245 | 0 | _aTELECOMMUNICATIONS NETWORK MANAGEMENT: TECHNOLOGIES AND IMPLEMENTATIONS | |
| 260 | _bNEW DELHI : PRINTICE HALL | ||
| 260 | _c1998 | ||
| 300 | _a320 p. | ||
| 650 | _aCOMPUTER NETWORKS : TELECOMMUNICATION : DATA COMMUNICATION | ||
| 942 | _2ddc | ||
| 942 | _cRBK | ||
| 999 |
_c22394 _d22394 |
||
| 945 |
_a1 _bMadushi Gamage _c1 _dMadushi Gamage |
||